1039 1584 1075 1056 1326 1043 1837 1331 1762 1383 1111 1650 1731 1400 1324 1853 1467 1334 1390 1865 1491 1627 1535 1372 1029 1391 1599 1171 1932 1585 1801 1620 1875 1810 1345 1981 1583 1164 1565 1413 1290 1736 1847 1220 1477 1033 1242 1545 1607 1381 1029 1788 1969 1730 1488 1127 1948 1668 1769 1572 1693 1524 1259 1050 1424 1819 1793 1066 1559 1293 1939 1826 1284 1681 1381 1299 1859 1007 1892 1985 1489 1770 1410 1042 1632 1016 1757 1457 1336 1094 1390 1791 1216 1367 1858 1424 1154 1629 1028 BCNSPRNW ULIB Ver.6.0+V

เปลี่ยนเป็นภาษาไทย

Change to English
 แสดงรายละเอียดบรรณานุกรม
  กลับหน้าหลัก

Brief Record : Get Marc (ISO 2709) : E-mail record : QR code < ปิดหน้าต่าง
LEADER : 00000nam 2200000uu 4500
001    13399126636
003     ULIB
008    020711s2561 th a 000 0 tha d
020    ^a9786164072985
060    ^aWW100^bว751ต
100    ^aวิศนี ตันติเสวี และคณะ
245    ^aตำราจักษุวิทยา/^cวิศนี ตันติเสวี และคณะ
250    พิมพ์ครั้งที่ 1
260    กรุงเทพฯ :^bคณะแพทยศาสตร์ จุฬาลงกรณ์มหาวิทยาลัย,^c2561
300    648 หน้า;^b26 ซม.
650    จักษุวิทยา
945    ^p1200^l0^i005014
945    ^p1200^l0^i005013
945    ^p1200^l0^i006547
945    ^p1200^l0^i006548
945    ^p1200^l0^i006549
945    ^p1200^l0^i006550
945    ^p1200^l0^i006551
999    ^aประนอม เกษจรัล
รายการนี้ยังไม่มีแท็ก
คุณยังไม่ได้ล็อกอิน คุณสามารถมีกิจกรรมร่วมกับเว็บไซต์ได้ แต่ต้องล็อกอินก่อน ::
  ล็อกอิน

รายการสื่อสารสนเทศ

ลำดับที่ ประเภท เลขเรียก/บาร์โค้ด สถานที่ สถานะ
1. วิทยาศาสตร์การแพทย์ และสุขภาพ
หนังสือสำรอง
สถานะ=หนังสือสำรอง
WW100 ว751ต ฉ.1 
  Barcode: 005013
ห้องสมุดวิทยาเขตสวรรค์ประชารักษ์
►หนังสือทั่วไป
บนชั้น
2. วิทยาศาสตร์การแพทย์ และสุขภาพ
วิทยาศาสตร์การแพทย์ และสุขภาพ
WW100 ว751ต ฉ.2 
  Barcode: 005014
ห้องสมุดวิทยาเขตสวรรค์ประชารักษ์
►หนังสือทั่วไป
บนชั้น
3. วิทยาศาสตร์การแพทย์ และสุขภาพ
วิทยาศาสตร์การแพทย์ และสุขภาพ
WW100 ว751ต ฉ.3 
  Barcode: 006547
ห้องสมุดวิทยาเขตสวรรค์ประชารักษ์
►หนังสือทั่วไป
บนชั้น
4. วิทยาศาสตร์การแพทย์ และสุขภาพ
วิทยาศาสตร์การแพทย์ และสุขภาพ
WW100 ว751ต ฉ.4 
  Barcode: 006548
ห้องสมุดวิทยาเขตสวรรค์ประชารักษ์
►หนังสือทั่วไป
บนชั้น
5. วิทยาศาสตร์การแพทย์ และสุขภาพ
วิทยาศาสตร์การแพทย์ และสุขภาพ
WW100 ว751ต ฉ.5 
  Barcode: 006549
ห้องสมุดวิทยาเขตสวรรค์ประชารักษ์
►หนังสือทั่วไป
บนชั้น
6. วิทยาศาสตร์การแพทย์ และสุขภาพ
วิทยาศาสตร์การแพทย์ และสุขภาพ
WW100 ว751ต ฉ.6 
  Barcode: 006550
ห้องสมุดวิทยาเขตสวรรค์ประชารักษ์
►หนังสือทั่วไป
ถูกยืม กำหนดส่งวันที่ 15 พฤษภาคม 2569
  จอง
7. วิทยาศาสตร์การแพทย์ และสุขภาพ
วิทยาศาสตร์การแพทย์ และสุขภาพ
WW100 ว751ต ฉ.7 
  Barcode: 006551
ห้องสมุดวิทยาเขตสวรรค์ประชารักษ์
►หนังสือทั่วไป
บนชั้น

รายการใกล้เคียง
    ผู้แต่ง [วิศนี ตันติเสวี และคณะ]

    หัวเรื่อง [จักษุวิทยา]

BibComment


ยังไม่เคยถูกคอมเมนท์

คอมเมนท์ทรัพยากรรายการนี้
  คอมเมนท์: ตำราจักษุวิทยา ว..


 Copyright 2026. Bcnsprnw @Library